000 01073cam a2200349 4500
008 090401t1996 xxu||||| |||| 00| 0 eng d
020 _a0854067833
035 _a(Sirsi) u66279
041 _aeng
050 _a692.8
090 _aRICS 1996/107ABCD
110 _aRoyal Institution of Chartered Surveyors
_94900
245 4 _aThe procurement guide : a guide to the development of an appropriate building procurement strategy
260 _aLondon
_bRICS
_c1996
300 _aix,62p. ; 30cm.
350 _a12.95
520 _aPublication withdrawn (July/August 1998)
650 _aBUILDING PROCUREMENT
650 _aCONSTRUCTION MANAGEMENT
_96230
650 _aDESIGN AND BUILD
650 _aGUIDANCE NOTES
650 _aMANAGEMENT CONTRACTING
650 _aMEASUREMENT CONTRACTS
650 _aPROCUREMENT GUIDE
650 _aPROCUREMENT METHODS
650 _aMANAGEMENT-PROJECT MANAGEMENT
690 _aBUILT ENVIRONMENT-BUILDING CONTRACT FORMS
700 _aMorledge, Roy
700 _aSharif, Asif
942 _n0
_2ddc
948 _c04/03/1997
999 _c94840
_d94840